000 00672nam a2200229Ia 4500
003 OSt
005 20220926005428.0
006 a|||||r|||| 00| 0
007 ta
008 220923b |||||||| |||| 00| 0 eng d
037 _cGeneral Book
040 _aRTL
_cRTL
_beng
041 _2eng
_aeng
082 _aV2:51.N7, L3
100 _aGafurov Bobojan
_9310295
245 0 _aNational liberation movement and Indian independen
260 _a New Delhi
_bSoviet Land Nehru Award Committee India
_c1973
300 _a65p.
_ccm.
650 _aStruggle for Independence
942 _hV2:51.N7, L3
_cGB
_2CC
999 _c613823
_d613823